<?xml version="1.0" encoding="UTF-8"?>
<record
    xmlns:xsi="http://www.w3.org/2001/XMLSchema-instance"
    xsi:schemaLocation="http://www.loc.gov/MARC21/slim http://www.loc.gov/standards/marcxml/schema/MARC21slim.xsd"
    xmlns="http://www.loc.gov/MARC21/slim">

  <leader>00883nam a22002417a 4500</leader>
  <controlfield tag="008">240702b        mp ||||| |||| 00| 0 mon d</controlfield>
  <datafield tag="035" ind1=" " ind2=" ">
    <subfield code="a">10405</subfield>
  </datafield>
  <datafield tag="040" ind1=" " ind2=" ">
    <subfield code="a">SU1322070</subfield>
    <subfield code="b">mon</subfield>
    <subfield code="c">MN-UlNLM</subfield>
    <subfield code="d">MN-UlNLM</subfield>
    <subfield code="e">rda</subfield>
  </datafield>
  <datafield tag="041" ind1=" " ind2=" ">
    <subfield code="a">mon</subfield>
  </datafield>
  <datafield tag="042" ind1=" " ind2=" ">
    <subfield code="a">59676</subfield>
  </datafield>
  <datafield tag="084" ind1=" " ind2=" ">
    <subfield code="2">NNA</subfield>
    <subfield code="a">84.35</subfield>
    <subfield code="b">&#x41C;-263</subfield>
  </datafield>
  <datafield tag="100" ind1=" " ind2=" ">
    <subfield code="a">&#x41C;&#x430;&#x440;&#x43A;&#x435;&#x441; &#x413; &#x413;.</subfield>
  </datafield>
  <datafield tag="245" ind1=" " ind2="0">
    <subfield code="a">&#x417;&#x443;&#x443;&#x43D; &#x436;&#x438;&#x43B;&#x438;&#x439;&#x43D; &#x433;&#x430;&#x43D;&#x446;&#x430;&#x430;&#x440;&#x434;&#x430;&#x43B;</subfield>
  </datafield>
  <datafield tag="264" ind1=" " ind2=" ">
    <subfield code="a">&#x423;&#x411;</subfield>
    <subfield code="b">&#x41C;&#x43E;&#x43D; &#x441;&#x443;&#x434;&#x430;&#x440;</subfield>
    <subfield code="c">2009</subfield>
  </datafield>
  <datafield tag="300" ind1=" " ind2=" ">
    <subfield code="a">311&#x445;.</subfield>
  </datafield>
  <datafield tag="336" ind1=" " ind2=" ">
    <subfield code="2">rdacontent</subfield>
    <subfield code="a">text</subfield>
    <subfield code="b">txt</subfield>
  </datafield>
  <datafield tag="337" ind1=" " ind2=" ">
    <subfield code="2">rdamedia</subfield>
    <subfield code="a">unmediated</subfield>
    <subfield code="b">n</subfield>
  </datafield>
  <datafield tag="338" ind1=" " ind2=" ">
    <subfield code="2">rdacarrier</subfield>
    <subfield code="a">volume</subfield>
    <subfield code="b">nc</subfield>
  </datafield>
  <datafield tag="490" ind1=" " ind2=" ">
    <subfield code="v">47</subfield>
  </datafield>
  <datafield tag="650" ind1=" " ind2=" ">
    <subfield code="a">&#x410;&#x433;&#x443;&#x443;&#x43B;&#x433;&#x430; : &#x413;&#x430;&#x431;&#x440;&#x438;&#x44D;&#x43B;&#x44C; &#x413;&#x430;&#x440;&#x441;&#x438;&#x430; &#x41C;&#x430;&#x440;&#x43A;&#x435;&#x441;&#x44B;&#x43D; " &#x417;&#x443;&#x443;&#x43D; &#x436;&#x438;&#x43B;&#x438;&#x439;&#x43D; &#x433;&#x430;&#x43D;&#x446;&#x430;&#x430;&#x440;&#x434;&#x430;&#x43B; " &#x440;&#x43E;&#x43C;&#x430;&#x43D; &#x410;&#x43C;&#x435;&#x440;&#x438;&#x43A; &#x442;&#x438;&#x432;&#x438;&#x439;&#x43D; &#x443;&#x442;&#x433;&#x430; &#x437;&#x43E;&#x445;&#x438;&#x43E;&#x43B;&#x44B;&#x43D; &#x442;&#x4AF;&#x4AF;&#x445;&#x44D;&#x43D;&#x434; &#x43E;&#x43D;&#x446;&#x433;&#x43E;&#x439; &#x430;&#x447; &#x445;&#x43E;&#x43B;&#x431;&#x43E;&#x433;&#x434;&#x43E;&#x43B; &#x431;&#x4AF;&#x445;...</subfield>
  </datafield>
  <datafield tag="942" ind1=" " ind2=" ">
    <subfield code="2">NNA</subfield>
    <subfield code="c">BK</subfield>
  </datafield>
  <datafield tag="952" ind1=" " ind2=" ">
    <subfield code="0">0</subfield>
    <subfield code="1">0</subfield>
    <subfield code="4">0</subfield>
    <subfield code="6">8435_&#x41C;263</subfield>
    <subfield code="7">0</subfield>
    <subfield code="8">SU1323</subfield>
    <subfield code="a">SU1322070</subfield>
    <subfield code="b">SU1322070</subfield>
    <subfield code="c">SU1323</subfield>
    <subfield code="d">2024-07-04</subfield>
    <subfield code="g">20000.00</subfield>
    <subfield code="l">0</subfield>
    <subfield code="o">84.35  &#x41C;-263</subfield>
    <subfield code="p">SU13210405-1-2</subfield>
    <subfield code="r">2024-07-04</subfield>
    <subfield code="t">49727</subfield>
    <subfield code="y">BK</subfield>
  </datafield>
  <datafield tag="952" ind1=" " ind2=" ">
    <subfield code="0">0</subfield>
    <subfield code="1">0</subfield>
    <subfield code="4">0</subfield>
    <subfield code="6">8435_&#x41C;263</subfield>
    <subfield code="7">0</subfield>
    <subfield code="8">SU1321</subfield>
    <subfield code="a">SU1322070</subfield>
    <subfield code="b">SU1322070</subfield>
    <subfield code="c">SU1321</subfield>
    <subfield code="d">2024-07-04</subfield>
    <subfield code="g">10000.00</subfield>
    <subfield code="l">0</subfield>
    <subfield code="o">84.35  &#x41C;-263</subfield>
    <subfield code="p">SU13210405-2-1</subfield>
    <subfield code="r">2024-07-04</subfield>
    <subfield code="t">40996</subfield>
    <subfield code="y">BK</subfield>
  </datafield>
  <datafield tag="999" ind1=" " ind2=" ">
    <subfield code="c">1068255</subfield>
    <subfield code="d">1068312</subfield>
  </datafield>
</record>
